Biomaterials science an introduction to materials in medicine (Record no. 566068)
[ view plain ]
| 000 -LEADER | |
|---|---|
| fixed length control field | 00297nam a22001217a 4500 |
| 040 ## - CATALOGING SOURCE | |
| Transcribing agency | SCME |
| 100 ## - MAIN ENTRY--PERSONAL NAME | |
| Personal name | Wagner,William R |
| 9 (RLIN) | 55205 |
| 245 ## - TITLE STATEMENT | |
| Title | Biomaterials science an introduction to materials in medicine |
| 250 ## - EDITION STATEMENT | |
| Edition statement | 4thed. |
| 260 ## - PUBLICATION, DISTRIBUTION, ETC. | |
| Name of publisher, distributor, etc. | Elsevier |
| Date of publication, distribution, etc. | 2020 |
| 300 ## - PHYSICAL DESCRIPTION | |
| Extent | 1586p. |
| 942 ## - ADDED ENTRY ELEMENTS (KOHA) | |
| Source of classification or shelving scheme | |
| Koha item type | Book |
| Withdrawn status | Lost status | Source of classification or shelving scheme | Damaged status | Not for loan | Permanent Location | Current Location | Shelving location | Date acquired | Total Checkouts | Total Renewals | Full call number | Barcode | Date last seen | Date last checked out | Price effective from | Koha item type | Checked out |
|---|---|---|---|---|---|---|---|---|---|---|---|---|---|---|---|---|---|
| School of Chemical & Materials Engineering (SCME) | School of Chemical & Materials Engineering (SCME) | Reference | 05/19/2021 | 1 | 1 | 610.28W1321B | SCME-4809 | 12/13/2022 | 10/20/2022 | 05/19/2021 | Book | ||||||
| School of Chemical & Materials Engineering (SCME) | School of Chemical & Materials Engineering (SCME) | 05/19/2021 | 2 | 3 | 610.28W1321B | SCME-4810 | 03/17/2023 | 03/17/2023 | 05/19/2021 | Book | 09/07/2023 |
